Alle Tribute von Panem Charaktere - Statistiken

Allgemein
  • Dieses Quiz wurde 385 mal gespielt
  • Das Durchschnittsergebnis liegt bei 24 aus 91
Antwortstatistiken
Hint Antwort % Korrekt
K Katniss Everdeen
96%
P Peeta Mellark
87%
President Snow
87%
Primrose Everdeen
86%
H Haymitch Abernathy
81%
Finnick Odair
79%
G Gale Hawthorne
79%
Rue
77%
E Effie Trinket
71%
Cato
66%
Glimmer
61%
Cinna
58%
President Alma Coin
56%
A Annie Cresta
55%
B Beetee
55%
Johanna Mason
55%
Clove
52%
Plutarch Heavensbee
49%
Mags
48%
W Wiress
46%
Thresh
45%
Marvel
44%
Foxface
41%
Mrs. Everdeen
40%
Tigris
38%
Mr. Everdeen
37%
Brutus
35%
Enobaria
33%
Mr. Mellark
30%
Gloss
29%
Mrs. Mellark
29%
Seneca Crane
27%
Boggs
26%
Caesar Flickerman
26%
C Cashmere
26%
O Octavia
26%
Cressida
24%
Flavius
23%
Pollux
23%
Castor
22%
M Madge Undersee
20%
Buttercup
18%
Portia
16%
Chaff
13%
Claudius Templesmith
12%
Greasy Sae
12%
Leeg 1
12%
Leeg 2
12%
V Venia
12%
Blight
11%
J Jackson
11%
Maysilee Donner
11%
Mrs. Undersee
11%
S Seeder
11%
Commander Paylor
10%
Mayor Undersee
10%
Darius
9%
Messalla
9%
Atala
8%
F female Morphling
8%
Hazelle Hawthorne
8%
male Morphling
8%
Woof
8%
Fulvia Cardew
7%
L Lady the Goat
7%
Mitchell
7%
Posy Hawthorne
7%
Romulus Thread
7%
Bonnie
6%
Cecelia
6%
Homes
6%
Lyme
6%
Rory Hawthorne
6%
Cray
5%
Delly Cartwright
5%
Lavinia
5%
Thom
5%
Vick Hawthorne
5%
Dr. Aurelius
4%
R Ripper
4%
Titus
4%
Twill
4%
Bristel
3%
D Dalton
2%
Leevy
2%
Purnia
2%
Rooba
2%
The Goat Man
2%
Y York
2%
Martin
1%
T Tax
1%
Keine übereinstimmenden Quizze gefunden
Verteilung der Resultate
Anzahl Personen mit jedem Resultat
Perzentil nach korrekt beantworteten Fragen
Ihre Resultats-Entwicklung
Sie haben dieses Quiz noch nicht gespielt